000 00366pab a2200121 454500
008 180718b xxu||||| |||| 00| 0 eng d
100 _aSawant, S.R.
245 _aProgrammes of poverty alleviation in urban areas
650 _a Poverty Alleviation
650 _aPoverty
773 _aQuartelry Journal of the All India Institute of Local Self Government
909 _a23860
999 _c23860
_d23860